=LDR 00000nam 2200000 4500 =001 INLIS000000000008320 =005 20130612100219 =008 ***********************************Ind** =035 ##$$0010-061300000008320 =041 ##$$a Ind =082 ##$$a 2x4.222 =090 ##$$a 2x4.222, Qor h =100 ##$$a Qordhawi, Yusuf =245 ##$$a Haruskah hidup dengan riba, Yusuf Qordhowi ; penerjemah, H. Salim Basyarahil =260 ##$$a 1996 $b Jakarta =300 ##$$a 118 hlm, ils, 1996 =650 ##$$a Hukum perdata Islam-Riba